<?xml version="1.0" encoding="UTF-8"?>
<resp>
  <nextPage>https://data.bn.org.pl/api/networks/bibs.marcxml?marc=001+b0000080098294&amp;sinceId=80098295</nextPage>
  <collection>
    <record xmlns='http://www.loc.gov/MARC21/slim'><leader>01871cam a2200265 i 4500</leader><controlfield tag='001'>b0000080098294</controlfield><controlfield tag='005'>20241203220418.2</controlfield><controlfield tag='008'>100111s2011    pl i          0     pol d</controlfield><controlfield tag='009'>9912893470305606</controlfield><datafield ind1=' ' ind2=' ' tag='035'><subfield code='a'>(PL)b0000080098294</subfield></datafield><datafield ind1=' ' ind2=' ' tag='035'><subfield code='a'>(Aleph)000195410SGH01</subfield></datafield><datafield ind1=' ' ind2=' ' tag='035'><subfield code='a'>990001954100307664-48omnis_network</subfield></datafield><datafield ind1=' ' ind2=' ' tag='040'><subfield code='a'>SGH</subfield><subfield code='c'>SGH</subfield></datafield><datafield ind1='0' ind2=' ' tag='041'><subfield code='a'>pol</subfield></datafield><datafield ind1='1' ind2=' ' tag='100'><subfield code='a'>Kulas, Joanna</subfield><subfield code='d'>(1986- )</subfield></datafield><datafield ind1='0' ind2='0' tag='245'><subfield code='a'>Wpływ zarządzania wartością klienta i budowania jego lojalności na wyniki finansowe przedsiębiorstwa /</subfield><subfield code='c'>Joanna Kulas.</subfield></datafield><datafield ind1=' ' ind2=' ' tag='260'><subfield code='a'>Warszawa :</subfield><subfield code='b'>Szkoła Główna Handlowa,</subfield><subfield code='c'>2011.</subfield></datafield><datafield ind1=' ' ind2=' ' tag='300'><subfield code='a'>75 s.</subfield></datafield><datafield ind1=' ' ind2=' ' tag='502'><subfield code='a'>Praca magisterska</subfield></datafield><datafield ind1=' ' ind2=' ' tag='520'><subfield code='a'>Tematem pracy jest poznanie związku jaki istnieje pomiędzy zarządzaniem wartością klienta oraz budowaniem jego lojalności a wynikami finansowymi przedsiębiorstw. Teoretyczne podstawy zarządzania wartością klienta i wskaźniki mierzące tę wartość, a także metody i strategie, które takie działania ułatwiają zostały opisane w pierwszym rozdziale pracy. Rozdział drugi poświęcony jest teoretycznym zagadnieniom dotyczącym budowania lojalności klientów oraz sposobom, w jaki się to osiąga. Prezentuje on nie tylko różnorodne rodzaje lojalności, lecz także wskaźniki, które używa się do jej pomiaru. W rozdziale trzecim znajduje się analiza wpływu zarządzania wartością klienta oraz działań go lojalizujących na wyniki finansowe przedsiębiorstw. Sposoby, jakie są używane przez jedną z najpopularniejszych firm na świecie, Apple Inc., zarówno z zakresu zarządzania wartością klienta jak i też mające na celu budowanie jego lojalności, zostały ukazane w rozdziale czwartym.</subfield></datafield><datafield ind1=' ' ind2=' ' tag='521'><subfield code='a'>spis treści - brak</subfield></datafield><datafield ind1=' ' ind2=' ' tag='852'><subfield code='b'>48OMNIS_NETWORK</subfield><subfield code='8'>9912893470305606</subfield></datafield><datafield ind1=' ' ind2=' ' tag='852'><subfield code='b'>48OMNIS_WSE</subfield><subfield code='8'>990001954100307664</subfield></datafield></record>
  </collection>
</resp>
